000 01571nam2a22002411 4500
001 RU\NLR\INFOCOMM19\1000049251
005 20250617050444.0
035 _a(NLR Aleph) 002469440
090 _a2325098
_c2325098
100 _a20040329d1965 |||y0rusy50 ca
101 0 _arus
102 _aRU
105 _ay |||||||||
200 1 _aОб оборудовании и организации учебных кабинетов и лабораторий по специальным предметам
210 _d1965
_aБ. м.
461 0 _1001RU\NLR\INFOCOMM19\1000049236
_12001#$aИнформационное письмо по обмену опытом работы средних специальных учебных заведений транспортного строительства$fГос. Производ. ком. по трансп. строительству СССР. Упр. кадров и учеб. заведений. Учеб.-метод. кабинет$v№23
_92307483
_cМ.
_d1963-1965
_fГос. Производ. ком. по трансп. строительству СССР. Упр. кадров и учеб. заведений. Учеб.-метод. кабинет
_tИнформационное письмо по обмену опытом работы средних специальных учебных заведений транспортного строительства
_v№23
801 1 _aRU
_bInfoComm
_c20040329
801 0 _aRU
_bNLR
_gPSBO
852 _aNLR
_jП28/992
942 _cISSUE
980 _aNB
980 _aRUSPER